000 00208nmm a2200085Ia 4500
008 220120s9999||||xx |||||||||||||||||und||
100 _aEmbedded For You
245 0 _aDigital edition
260 _aEmbedded for you
999 _c139813
_d139813